000 00657nam a2200181 a 4500
008 120416s1980 ||||||||||||||||| || u
020 _a0916672530
050 _aHC 79.E5 San
100 _aSandbach, Francis
245 1 0 _aEnvironment ideology and policy
260 _aMontclair, N. J.
_bAllanheld, Osmun Publishers
_c1980
300 _axvi, 254p. : ill.
350 _a0.00
650 _aPOLITICS--ENVIRONMENTAL ASPECTS
650 _aENVIRONMENT
650 0 _aENVIRONMENTAL POLICY--MACEDONIA
995 _D0.00
_FCBU-MAIN LIBRARY (Kitwe)
_H1
_I32.50
_M1
_UAVAILABLE
_ZMain Library Open Access Collection
999 _c42154
_d42154